[Event "Lagoas op 4th"]
[Site "Lagoas"]
[Date "2019.09.29"]
[Round "5"]
[White "De Aragao, Jose Luiz"]
[Black "Yassuda, Mariana Mayum Shigu"]
[Result "0-1"]
[WhiteElo "1827"]
[BlackElo "1753"]
[PlyCount "57"]
[EventDate "2019.09.27"]
[EventType "swiss"]
[EventRounds "5"]
[EventCountry "BRA"]
[SourceTitle "EXT 2020"]
[Source "ChessBase"]
[SourceDate "2019.10.17"]
[SourceVersion "1"]
[SourceVersionDate "2019.10.17"]
[SourceQuality "1"]

1. d4 d5 2. Bf4 e6 3. e3 c6 4. Nf3 Nd7 5. Bd3 Be7 6. 0-0 Ngf6 7. h3 0-0 8. Nbd2 b6 9. c4 dxc4 10. Nxc4 c5 11. Qc2 Bb7 12. Nd6 Bxf3 13. gxf3 Bxd6 14. Bxd6 Re8 15. Bg3 Rc8 16. Qa4 a5 17. Bb5 cxd4 18. exd4 Rf8 19. Rac1 Rxc1 20. Rxc1 h5 21. Bh4 Nb8 22. Kg2 Qd5 23. Qc4 Qxc4 24. Rxc4 Rd8 25. Kf1 Rd5 26. Rc8+ Kh7 27. Bd3+ Kh6 28. Rh8+ Nh7 29. Rxh7# 0-1

[Event "Lagoas op 4th"]
[Site "Lagoas"]
[Date "2019.09.27"]
[Round "1"]
[White "Yassuda, Mariana Mayum Shigu"]
[Black "Felicio, Leonardo Demetrio"]
[Result "0-1"]
[WhiteElo "1753"]
[BlackElo "1903"]
[PlyCount "62"]
[EventDate "2019.09.27"]
[EventType "swiss"]
[EventRounds "5"]
[EventCountry "BRA"]
[SourceTitle "EXT 2020"]
[Source "ChessBase"]
[SourceDate "2019.10.17"]
[SourceVersion "1"]
[SourceVersionDate "2019.10.17"]
[SourceQuality "1"]

1. e4 c5 2. Nf3 g6 3. Bc4 Bg7 4. 0-0 Nc6 5. d3 d6 6. c3 Na5 7. Nbd2 Nxc4 8. Nxc4 b5 9. Ne3 Nf6 10. Re1 0-0 11. h3 Bb7 12. Nf1 Rc8 13. Ng3 Nd7 14. Bd2 Ne5 15. Nxe5 Bxe5 16. Bh6 Bg7 17. Bxg7 Kxg7 18. Qg4 e6 19. Rad1 f5 20. exf5 exf5 21. Qe2 Rf7 22. c4 Rcc7 23. cxb5 f4 24. Qe8 Qxe8 25. Rxe8 fxg3 26. fxg3 Rce7 27. Rd8 Re2 28. Rb1 Rxg2+ 29. Kh1 Rxb2+ 30. Kg1 Rxb1+ 31. Kh2 Rh1# 0-1